00517nam a2200145 a 450000100100000000500170001000800410002704000250006808200160009311000760010924500440018526000570022930000200028650000650030600002975620200930055801.0110425s1929 dr 000 0 spa d aDO-SdBNPbspacBNPHU axxxxbR426t1 aRepública DominicanabSecretaría de Estado de Relaciones Exteriores10aTratado fronterizo domínico-haitiano. aSanto Domingo :bImprenta J. R. Vda García,c1929. a23 p. ;c26 cm. aFirmado en la ciudad de Sto. Domingo, el 21 de Enero de 1929